书目信息 |
| 题名: |
中国服饰文化
|
|
| 作者: | 张志春 著 | |
| 分册: | 第一卷 | |
| 出版信息: | 北京 中国纺织出版社 2001 |
|
| 页数: | 384页 | |
| 开本: | 21cm | |
| 丛书名: | ||
| 单 册: | ||
| 中图分类: | K892.23 | |
| 科图分类: | ||
| 主题词: | 服饰--文化--中国 , 服饰 | |
| 电子资源: | ||
| ISBN: | 7-5064-1938-6 | |
| 000 | 01000nam0 2200241 450 | |
| 001 | 1238476469 | |
| 005 | 20121013104146.67 | |
| 010 | @a7-5064-1938-6@dCNY22.00 | |
| 100 | @a20010630d2001 emky0chiy0110 ea | |
| 101 | 0 | @achi |
| 102 | @aCN@b110000 | |
| 105 | @aa z 000yd | |
| 200 | 1 | @a中国服饰文化@Azhong guo fu shi wen hua@h第一卷@HDi Yi Juan@f张志春著@FZhang Zhi Chun Zhu |
| 210 | @a北京@c中国纺织出版社@d2001 | |
| 215 | @a384页@c图@d21cm | |
| 314 | @a张志春(1955~),生于陕西,陕西作家协会会员,西北纺织工学院服装学院副教授。著有《裸露与遮盖:现代服饰观潮》等。 | |
| 330 | @a本书介绍中华远古的服色演进、图腾在人体装饰中的渗透、转化与投影、中华传统服饰图案、周易的服饰文化观念、“三礼”与服饰、孔子的服饰理论与实践、老庄服饰思想初探、墨韩的服饰文化观、胡服骑射与孝文改制、魏晋风度与服饰、唐代服饰的文化探寻。 | |
| 606 | 0 | @a服饰@x文化@y中国 |
| 606 | 0 | @a服饰 |
| 690 | @aK892.23@v4 | |
| 701 | 0 | @a张志春@Azhang zhi chun@4著 |
| 801 | 0 | @aCN@bNLC@c20101222 |
| 905 | @a10447@dK892.23@eJY25 | |
| 中国服饰文化.第一卷/张志春著.-北京:中国纺织出版社,2001 |
| 384页:图;21cm |
| ISBN 7-5064-1938-6:CNY22.00 |
| 本书介绍中华远古的服色演进、图腾在人体装饰中的渗透、转化与投影、中华传统服饰图案、周易的服饰文化观念、“三礼”与服饰、孔子的服饰理论与实践、老庄服饰思想初探、墨韩的服饰文化观、胡服骑射与孝文改制、魏晋风度与服饰、唐代服饰的文化探寻。 |
| ● |
| 相关链接 |
|
|
|
|
正题名:中国服饰文化
索取号:K892.23/JY25
 
预约/预借
| 序号 | 登录号 | 条形码 | 馆藏地/架位号 | 状态 | 备注 |
| 1 | 7826048 | 278260481 | 学院路分馆/ [索取号:K892.23/JY25] | 在馆 | |
| 2 | 7826049 | 278260490 | 学院路分馆/ [索取号:K892.23/JY25] | 在馆 |